| 000 | 05889nam a22017777a 4500 | ||
|---|---|---|---|
| 001 | C00586671 | ||
| 003 | OSt | ||
| 005 | 20250813170008.0 | ||
| 007 | ta | ||
| 008 | 191227s2019 pe a fr 00010 spa | ||
| 020 | _a9786124779726 | ||
| 020 | _a9786124779725 | ||
| 040 | _cPE-LiUPU | ||
| 082 | 0 | 4 |
_223 _a631.4 _bP397s |
| 100 | 1 |
_94 _aPeña S., Edévaly de la, _d1941- |
|
| 245 | 1 | 3 |
_aEl suelo y su manejo ecológico / _cEdévaly de la Peña Seguil ; [presentación, Ántero Flores Aráoz ; prólogo, Carmen Felipe-Morales B.]. |
| 300 |
_a284 páginas _bil. (principalmente col.), diagrs., mapas _c21 centímetros |
||
| 500 | _aGlosario: p. 269-284. | ||
| 504 | _aBibliografía: p. 255-268. | ||
| 505 | _aNociones generales sobre los suelos. -¿Qué es el suelo? -Formación, desarrollo y edad del suelo. -Formación del suelo. -Edad del suelo. -El perfil del suelo. -Los horizontes del suelo. -Los suelos del Perú. -La degradación del suelo. -Natural. -Antrópica. -Degradación física. -Degradación química. -Degradación biológica. -Manejo Ecológico. -Generalidades. -Como manejar ecológicamente el recurso suelo. -Manejo de la fertilidad del suelo. -Fertilidad física. -Fertilidad química. -Fertilidad biológica. - ¿Cómo mejorar la fertilidad de los suelos? -Fuentes de nutrientes. -Materia orgánica. -Proceso de descomposición de la materia orgánica. -Influencia de la materia orgánica sobre propiedades del suelo. -Importancia de lo estructura del suelo. -Los abonos orgánicos. – Estiércol. -El purín. -El majadeo o redileo. -El much. -Guano de las islas. -Abonos verdes. -El compost. -El compost urbano. –Bocashi. -Lombricultura - Humus de lombriz. -Biologia de la lombriz. -Lombricompost o Humus de lombriz. -Bioconversión (Elbiogas yel bioabono). -El Biogás. -El Bioabono. -La Biofertilizoción. -Fijación Biológica del nitrógeno atmosférico. –Biofertillzantes. –Azolla. -Fijoción no simbiótica del nitrógeno del aire. -Micorrizas Fertilizantes inorgánicos. -Control de erosión. -Exposición cuantitativa de la erosión hídrica. -Medidas de lucha para el control de la erosión hídrica. -Labores culturales. -Prácticos basadas en las curvas a nivel. -Surcos en Contorno. -Cultivos en Fajas Barreras Vivas. -Rotación de cultivos. -Utilización de cubiertas con restos de cosechas (mulch). -Labranza Mínima. -Medidas agronómicas. -Acondicionamiento del Suelo. -Medidas mecánicas u obras físicas de conservación de suelos. -Acequias de infiltración. -Canales de desviación. –Terrazas. -Terrazas de banco, bancales o andenes. -Rehabilitación de Andenes. -Terrazas de formación lenta. -Terrazas individuales. -Los Waru Waru o Camellones. -Prácticas complementarias para el manejo ecológico de suelos. -Asociaciones de cultivos. -La agroforestería. -Implicancias del manejo ecológico de suelo en el agro peruano. | ||
| 526 | _aP203 | ||
| 526 | _aP200 | ||
| 526 | _aSEG65 | ||
| 526 | _aSEG64 | ||
| 526 | _aSEG63 | ||
| 526 | _aSEG62 | ||
| 526 | _aSEG61 | ||
| 526 | _aSEG60 | ||
| 526 | _aSEG59 | ||
| 526 | _aSEG58 | ||
| 526 | _aSEG57 | ||
| 526 | _aSEG56 | ||
| 526 | _aSEG55 | ||
| 526 | _aSEG54 | ||
| 526 | _aSEG53 | ||
| 526 | _aSEG52 | ||
| 526 | _aSEG51 | ||
| 526 | _aSEG50 | ||
| 526 | _aSEG49 | ||
| 526 | _aSEG48 | ||
| 526 | _aSEG47 | ||
| 526 | _aSEG46 | ||
| 526 | _aSEG24 | ||
| 526 | _aSEG23 | ||
| 526 | _aSEG22 | ||
| 526 | _aSEG21 | ||
| 526 | _aSEG20 | ||
| 526 | _aSEG19 | ||
| 526 | _aSEG18 | ||
| 526 | _aSEG17 | ||
| 526 | _aSEG16 | ||
| 526 | _aSEG14 | ||
| 526 | _aSEG13 | ||
| 526 | _aSEG12 | ||
| 526 | _aSEG11 | ||
| 526 | _aSEG10 | ||
| 526 | _aSEG09 | ||
| 526 | _aSEG06 | ||
| 526 | _aSEG05 | ||
| 526 | _aSEG04 | ||
| 526 | _aSEG03 | ||
| 526 | _aSEG02 | ||
| 526 | _aSEG68 | ||
| 526 | _aSEG66 | ||
| 526 | _aSEG45 | ||
| 526 | _aSEG25 | ||
| 526 | _aSEG01 | ||
| 526 | _aP163 | ||
| 526 | _aP162 | ||
| 526 | _aP161 | ||
| 526 | _aP160 | ||
| 526 | _aP159 | ||
| 526 | _aP158 | ||
| 526 | _aP157 | ||
| 526 | _aP156 | ||
| 526 | _aP155 | ||
| 526 | _aP154 | ||
| 526 | _aP153 | ||
| 526 | _aP152 | ||
| 526 | _aP151 | ||
| 526 | _aP150 | ||
| 526 | _aP149 | ||
| 526 | _aP142 | ||
| 526 | _aP141 | ||
| 526 | _aP140 | ||
| 526 | _aP139 | ||
| 526 | _aP138 | ||
| 526 | _aP137 | ||
| 526 | _aP132 | ||
| 526 | _aP131 | ||
| 526 | _aP130 | ||
| 526 | _aP126 | ||
| 526 | _aP125 | ||
| 526 | _aP124 | ||
| 526 | _aP123 | ||
| 526 | _aP115 | ||
| 526 | _aP122 | ||
| 526 | _aP121 | ||
| 526 | _aP116 | ||
| 526 | _a P114 | ||
| 526 | _aP112 | ||
| 526 | _aP111 | ||
| 526 | _aP104 | ||
| 526 | _aP103 | ||
| 526 | _aP102 | ||
| 526 | _aP101 | ||
| 526 | _aP100 | ||
| 526 | _aP96 | ||
| 526 | _aP95 | ||
| 526 | _aP93 | ||
| 526 | _aP92 | ||
| 526 | _aP91 | ||
| 526 | _aP88 | ||
| 526 | _aP83 | ||
| 526 | _aP82 | ||
| 526 | _aP79 | ||
| 526 | _aP78 | ||
| 526 | _aP75 | ||
| 526 | _aP74 | ||
| 526 | _aP71 | ||
| 526 | _aP69 | ||
| 526 | _a P51 | ||
| 526 | _aP49 | ||
| 526 | _aP48 | ||
| 526 | _aP47 | ||
| 526 | _aP33 | ||
| 526 | _aP31 | ||
| 526 | _a P30 | ||
| 526 | _aP29 | ||
| 526 | _aP27 | ||
| 526 | _aP26 | ||
| 526 | _aP25 | ||
| 526 | _aP24 | ||
| 526 | _a P22 | ||
| 526 | _aP10 | ||
| 526 | _aP09 | ||
| 526 | _a P08 | ||
| 526 | _aP06 | ||
| 526 | _aP05 | ||
| 526 | _aP04 | ||
| 526 | _aP01 | ||
| 650 | 1 | 8 |
_95 _aCultivos y suelos. |
| 650 | 2 | 8 |
_96 _aConservación de los recursos agrícolas |
| 650 | 2 | 8 |
_97 _aCultivos orgánicos |
| 650 | 2 | 8 |
_98 _aEcología del suelo |
| 700 | 1 |
_99 _aFlores-Aráoz E., Ántero _d1942- _epresentador. |
|
| 700 | 1 |
_910 _aMorales, Carmen Felipe _eprologuista |
|
| 942 |
_2ddc _cBOOK _n0 |
||
| 980 |
_81 _gALBERTO SANCHEZ Responsable de Automatización _618226 _aJaime Vilcazán |
||
| 999 |
_c61513 _d61513 |
||
| 264 |
_aLima _bEspacio Tiempo Editores, _c2019 |
||